000 00297nam a2200121Ia 4500
008 191201s2012 xx 000 0 und d
100 _aCHAKRABORTY,R
245 0 _aLaw Relating to Trusts in India
260 _aN. Delhi
_bOrient Pub
_c2012
300 _a0
650 _aGeneral Books
942 _2ddc
_cBK
999 _c487
_d487